The 10 Most Densely Populated Suburbs In Melbourne - Statistics

General Stats
  • This quiz has been taken 382 times
  • The average score is 6 of 10
Answer Stats
People per Sqkm Suburb % Correct
11,314.3 Carlton
80%
8,319.3 Fitzroy
76%
7,216.5 Collingwood
73%
7,213.8 St Kilda
71%
9,008.8 South- Yarra East
63%
6,797.4 North Melbourne
62%
7,362.5 Prahran
43%
7,362.5 Windsor
34%
6,744.7 Flemington
29%
7,302.5 St Kilda East
21%
No matching quizzes found
Score Distribution
Percent of People with Each Score
Percentile by Number Answered
Your Score History
You have not taken this quiz